[Event "Titled Tuesday intern op 23rd Apr Late"]
[Site "Chess.com INT"]
[Date "2024.04.23"]
[Round "9"]
[White "Drygalov, Sergey"]
[Black "Adla, Diego Gustavo"]
[Result "1-0"]
[WhiteElo "2558"]
[BlackElo "2387"]
[PlyCount "149"]
[EventDate "2024.04.23"]
[EventType "swiss (blitz)"]
[EventRounds "11"]
[EventCountry "USA"]
[SourceTitle "CB18_2024"]
[SourceDate "2024.05.01"]
[SourceVersion "1"]
[SourceVersionDate "2024.05.01"]
[SourceQuality "2"]

1. d4 Nf6 2. c4 e6 3. Nf3 d5 4. Nc3 Bb4 5. Qa4+ Nc6 6. e3 0-0 7. Qc2 dxc4 8. Bxc4 Bd6 9. h3 e5 10. 0-0 exd4 11. exd4 h6 12. a3 Ne7 13. Ne5 c6 14. Qb3 Ned5 15. Re1 Bc7 16. Bd2 Be6 17. Qxb7 Rb8 18. Qxc6 Rxb2 19. Nxd5 Nxd5 20. Rad1 Rc2 21. Qa4 Rb2 22. Qxa7 Bd6 23. Qa5 Qxa5 24. Bxa5 Bxa3 25. Bd3 Rc8 26. Nc4 Rb3 27. Bf1 Bb4 28. Bxb4 Rxb4 29. Ne3 Rd8 30. Rd2 Rd7 31. Rc1 g6 32. g3 Nf6 33. Rcd1 Ne4 34. Rd3 Ng5 35. d5 Bxh3 36. Bxh3 Nxh3+ 37. Kg2 Ng5 38. Rd4 Rxd4 39. Rxd4 Ne6 40. Rc4 Nc7 41. Rc5 Kf8 42. Kf3 Ke7 43. Ke4 Ne8 44. Kd4 Nd6 45. g4 Ra7 46. Ke5 f6+ 47. Kf4 Ra4+ 48. Kf3 Ra7 49. Rc6 Rb7 50. Kf4 Ra7 51. Kg3 Rb7 52. f3 Ra7 53. Ng2 g5 54. Ne3 Rb7 55. Kf2 Ra7 56. Ke2 Ra2+ 57. Kd3 Ra3+ 58. Ke2 Ra2+ 59. Kd3 Ra7 60. Kd4 Ra4+ 61. Kc5 Ra5+ 62. Kb4 Ra7 63. Nf5+ Nxf5 64. gxf5 Ra1 65. Re6+ Kf7 66. d6 Rd1 67. Kc5 h5 68. Kc6 g4 69. fxg4 hxg4 70. d7 Rc1+ 71. Kb7 Rd1 72. Kc8 g3 73. d8Q Rxd8+ 74. Kxd8 Kg7 75. Re3 1-0

[Event "Titled Tuesday intern op 23rd Apr Late"]
[Site "Chess.com INT"]
[Date "2024.04.23"]
[Round "11"]
[White "Drygalov, Sergey"]
[Black "Olsen, Filip Boe"]
[Result "1-0"]
[WhiteElo "2558"]
[BlackElo "2440"]
[PlyCount "47"]
[EventDate "2024.04.23"]
[EventType "swiss (blitz)"]
[EventRounds "11"]
[EventCountry "USA"]
[SourceTitle "CB18_2024"]
[SourceDate "2024.05.01"]
[SourceVersion "1"]
[SourceVersionDate "2024.05.01"]
[SourceQuality "2"]

1. d4 d5 2. c4 e6 3. Nf3 Nf6 4. Nc3 c5 5. e3 a6 6. cxd5 exd5 7. Be2 Nc6 8. 0-0 c4 9. Ne5 Bd6 10. f4 0-0 11. Bf3 Ne7 12. Bd2 b5 13. a3 Bf5 14. Be1 Ne4 15. g4 Nxc3 16. Bxc3 Be4 17. Bxe4 dxe4 18. Qc2 f6 19. Qxe4 fxe5 20. fxe5 Bc7 21. Rxf8+ Qxf8 22. Bb4 a5 23. Bxe7 Qe8 24. Rf1 1-0

[Event "Titled Tuesday intern op 23rd Apr Late"]
[Site "Chess.com INT"]
[Date "2024.04.23"]
[Round "7"]
[White "Pinero Rodriguez, Carlos Jose"]
[Black "Drygalov, Sergey"]
[Result "0-1"]
[WhiteElo "2284"]
[BlackElo "2558"]
[PlyCount "82"]
[EventDate "2024.04.23"]
[EventType "swiss (blitz)"]
[EventRounds "11"]
[EventCountry "USA"]
[SourceTitle "CB18_2024"]
[SourceDate "2024.05.01"]
[SourceVersion "1"]
[SourceVersionDate "2024.05.01"]
[SourceQuality "2"]

1. e4 c5 2. Nf3 d6 3. d4 cxd4 4. Nxd4 Nf6 5. Nc3 a6 6. Bg5 Nbd7 7. Qe2 h6 8. Bh4 g6 9. 0-0-0 Qc7 10. f4 e5 11. fxe5 dxe5 12. Nb3 b5 13. Rxd7 Nxd7 14. Nd5 Qb8 15. Qe3 g5 16. Be1 Bb7 17. Bd3 Bxd5 18. exd5 Bd6 19. Rf1 b4 20. Qf3 Rf8 21. Qh5 a5 22. Rxf7 Rxf7 23. Bg6 Qb6 24. Bxf7+ Ke7 25. Qg6 Qe3+ 26. Kd1 Nf8 27. Qg7 Kd8 28. Be6 Ra7 29. Qf6+ Be7 30. Qxh6 a4 31. Nd2 b3 32. axb3 axb3 33. Nxb3 Ra4 34. Qh3 Qxh3 35. Bxh3 g4 36. Bxg4 Rxg4 37. g3 Nd7 38. Nd2 Rd4 39. c4 Bb4 40. b3 Nc5 41. Kc2 Nd3 0-1

[Event "Titled Tuesday intern op 02nd Apr Early"]
[Site "Chess.com INT"]
[Date "2024.04.02"]
[Round "5"]
[White "Drygalov, Sergey"]
[Black "Ambartsumova, Karina"]
[Result "1-0"]
[WhiteElo "2558"]
[BlackElo "2406"]
[PlyCount "111"]
[EventDate "2024.04.02"]
[EventType "swiss (blitz)"]
[EventRounds "11"]
[EventCountry "USA"]
[SourceTitle "CB15_2024"]
[SourceDate "2024.04.10"]
[SourceVersion "1"]
[SourceVersionDate "2024.04.10"]
[SourceQuality "1"]

1. d4 Nf6 2. c4 e6 3. Nf3 d5 4. Nc3 Be7 5. Bf4 0-0 6. e3 b6 7. Bd3 c5 8. cxd5 Nxd5 9. Nxd5 exd5 10. Ne5 cxd4 11. exd4 Bb4+ 12. Kf1 Bd6 13. Qh5 f5 14. Qf3 Be6 15. Re1 Qc7 16. h4 Nd7 17. Rc1 Qb7 18. Qg3 Nf6 19. h5 Bxe5 20. Bxe5 Ng4 21. f3 Nxe5 22. Qxe5 Qf7 23. h6 Rac8 24. Kf2 gxh6 25. Rxc8 Rxc8 26. Rxh6 Re8 27. Rh3 Kf8 28. Rg3 Bd7 29. Qd6+ Re7 30. Rg5 Qe6 31. Qxe6 Bxe6 32. Bxf5 Bf7 33. Bd3 Rc7 34. Bxh7 Rc1 35. Re5 Ra1 36. a3 Kg7 37. Bd3 Rd1 38. Ke3 Re1+ 39. Kd2 Rg1 40. Re2 Kf6 41. Ke3 a5 42. Rc2 Re1+ 43. Kf2 Rd1 44. Ke2 Rg1 45. g4 Be8 46. Ke3 Ke6 47. Kf4 Kd6 48. Re2 Ba4 49. Bf5 Bd1 50. Re6+ Kc7 51. Re7+ Kc6 52. Re6+ Kb7 53. Re3 Kc6 54. g5 Kd6 55. g6 Ba4 56. Bg4 1-0

[Event "Titled Tuesday intern op 02nd Apr Early"]
[Site "Chess.com INT"]
[Date "2024.04.02"]
[Round "10"]
[White "Drygalov, Sergey"]
[Black "Fiorito, Joaquin"]
[Result "1-0"]
[WhiteElo "2558"]
[BlackElo "2407"]
[PlyCount "71"]
[EventDate "2024.04.02"]
[EventType "swiss (blitz)"]
[EventRounds "11"]
[EventCountry "USA"]
[SourceTitle "CB15_2024"]
[SourceDate "2024.04.10"]
[SourceVersion "1"]
[SourceVersionDate "2024.04.10"]
[SourceQuality "1"]

1. d4 Nf6 2. c4 e6 3. Nf3 d5 4. Nc3 Bb4 5. Qa4+ Nc6 6. a3 Bxc3+ 7. bxc3 Bd7 8. cxd5 exd5 9. Bg5 h6 10. Bh4 g5 11. Bg3 Ne4 12. e3 h5 13. Qb3 h4 14. Be5 f6 15. Qxd5 Bf5 16. Qb5 Qd7 17. Bxc7 Nxc3 18. Qxb7 Rc8 19. Qb3 Nd5 20. Bb5 Rxc7 21. Rc1 0-0 22. 0-0 Kg7 23. Rc5 Be4 24. Nd2 Bg6 25. Qxd5 Qxd5 26. Rxd5 Na5 27. Ba6 Rb8 28. Rxa5 Rb2 29. Nc4 Ra2 30. Rc5 Re7 31. Nd6 g4 32. Bc8 h3 33. Bxg4 Bd3 34. Rd1 Bc2 35. Rc1 Kf8 36. gxh3 1-0

[Event "Titled Tuesday intern op 02nd Apr Early"]
[Site "Chess.com INT"]
[Date "2024.04.02"]
[Round "8"]
[White "Masruri, Rahman"]
[Black "Drygalov, Sergey"]
[Result "0-1"]
[WhiteElo "2281"]
[BlackElo "2558"]
[PlyCount "98"]
[EventDate "2024.04.02"]
[EventType "swiss (blitz)"]
[EventRounds "11"]
[EventCountry "USA"]
[SourceTitle "CB15_2024"]
[SourceDate "2024.04.10"]
[SourceVersion "1"]
[SourceVersionDate "2024.04.10"]
[SourceQuality "1"]

1. d4 Nf6 2. Bf4 g6 3. e3 Bg7 4. Nd2 0-0 5. h3 d6 6. Ngf3 Nbd7 7. Be2 Re8 8. Bh2 e5 9. dxe5 dxe5 10. 0-0 Qe7 11. c3 b6 12. a4 a5 13. Bc4 Bb7 14. Ng5 Rf8 15. Qc2 Rad8 16. Rad1 Kh8 17. Nge4 Nxe4 18. Nxe4 f5 19. Nd2 Nc5 20. Kh1 Qg5 21. Rg1 Qh5 22. f3 e4 23. Be2 Nd3 24. Rgf1 Rd7 25. Nb3 exf3 26. Bxf3 Bxf3 27. gxf3 Rfd8 28. Rd2 c5 29. c4 Nb4 30. Rxd7 Rxd7 31. Qg2 Qh4 32. f4 Qf6 33. Qa8+ Rd8 34. Qb7 Re8 35. Re1 Qxb2 36. Nc1 Qd2 37. Bg3 Nc2 38. Qc6 Rf8 39. Rg1 Nxe3 40. Qf3 Nxc4 41. Nd3 Qe3 42. Qd5 Qd4 43. Qf3 Nd2 44. Qe2 Ne4 45. Bh4 c4 46. Ne1 c3 47. Nf3 Qc5 48. Qg2 c2 49. Rc1 Rc8 0-1

[Event "Titled Tuesday intern op 12th Mar Early"]
[Site "Chess.com INT"]
[Date "2024.03.12"]
[Round "5"]
[White "Andreikin, Dmitry"]
[Black "Drygalov, Sergey"]
[Result "0-1"]
[WhiteElo "2729"]
[BlackElo "2547"]
[PlyCount "62"]
[EventDate "2024.03.12"]
[EventType "swiss (blitz)"]
[EventRounds "11"]
[EventCountry "USA"]
[SourceTitle "CB12_2024"]
[SourceDate "2023.10.01"]
[SourceVersion "1"]
[SourceVersionDate "2023.10.01"]
[SourceQuality "1"]

1. Nf3 d5 2. g3 g6 3. Bg2 Bg7 4. d4 Nf6 5. 0-0 c6 6. c3 0-0 7. Nbd2 a5 8. Re1 a4 9. e4 dxe4 10. Nxe4 Nxe4 11. Rxe4 Nd7 12. Bg5 Nf6 13. Re2 a3 14. b3 h6 15. Bxf6 exf6 16. b4 Be6 17. Rxe6 fxe6 18. Qc2 Kh7 19. Re1 Qd7 20. Bf1 Qf7 21. Bc4 Rfe8 22. Qb3 Qd7 23. Bxe6 Qd6 24. c4 Rxe6 25. Rd1 Re2 26. d5 Rb2 27. Qd3 Re8 28. h4 h5 29. Qxa3 Ree2 30. c5 Qd7 31. Nd4 Qxd5 0-1

[Event "Titled Tuesday intern op 12th Mar Early"]
[Site "Chess.com INT"]
[Date "2024.03.12"]
[Round "11"]
[White "Drygalov, Sergey"]
[Black "Duda, Jan Krzysztof"]
[Result "0-1"]
[WhiteElo "2547"]
[BlackElo "2731"]
[PlyCount "144"]
[EventDate "2024.03.12"]
[EventType "swiss (blitz)"]
[EventRounds "11"]
[EventCountry "USA"]
[SourceTitle "CB12_2024"]
[SourceDate "2023.10.01"]
[SourceVersion "1"]
[SourceVersionDate "2023.10.01"]
[SourceQuality "1"]

1. d4 Nf6 2. c4 g6 3. Nc3 Bg7 4. e4 d6 5. Nf3 0-0 6. Be2 e5 7. 0-0 h6 8. Re1 a5 9. Rb1 Nc6 10. d5 Ne7 11. a3 a4 12. Nd2 Bd7 13. Nf1 Nh7 14. Ng3 b6 15. Bd2 h5 16. Nf1 h4 17. h3 f5 18. exf5 gxf5 19. Nh2 e4 20. Bh5 Nf6 21. Bg5 Nxh5 22. Qxh5 Qe8 23. Qxe8 Raxe8 24. Bxh4 Ng6 25. Bg5 Ne5 26. Nb5 Nxc4 27. Nxc7 Rc8 28. Ne6 Bxe6 29. dxe6 Bxb2 30. Nf1 Bxa3 31. Ne3 Rfe8 32. Nxc4 Rxc4 33. Rxb6 Rxe6 34. Ra6 Bb2 35. Re3 Kf7 36. Ra7+ Ke8 37. Rg3 Rg6 38. h4 Be5 39. f4 Bd4+ 40. Kh2 Bxa7 41. h5 Rg7 42. h6 Rh7 43. Ra3 Bc5 44. Ra1 d5 45. g4 Bf8 46. Kg3 Bxh6 47. gxf5 Bxg5 48. fxg5 e3 49. g6 Rh5 50. Rf1 e2 51. Re1 Rxf5 52. Rxe2+ Re4 53. Rb2 Rg5+ 54. Kf3 Rxg6 55. Rb8+ Kf7 56. Rb7+ Kf6 57. Rb5 Ke5 58. Ra5 Rf6+ 59. Kg3 Ref4 60. Kg2 Rf2+ 61. Kg3 R6f3+ 62. Kg4 Rf4+ 63. Kg3 R2f3+ 64. Kg2 Rb3 65. Ra8 Rc4 66. Re8+ Kd4 67. Re2 a3 68. Rd2+ Kc5 69. Kh1 Rc1+ 70. Kg2 Rb2 71. Rf2 Rcc2 72. Rxc2+ Rxc2+ 0-1

[Event "Titled Tuesday intern op 12th Mar Early"]
[Site "Chess.com INT"]
[Date "2024.03.12"]
[Round "9"]
[White "Drygalov, Sergey"]
[Black "Le, Tuan Minh"]
[Result "0-1"]
[WhiteElo "2547"]
[BlackElo "2567"]
[PlyCount "82"]
[EventDate "2024.03.12"]
[EventType "swiss (blitz)"]
[EventRounds "11"]
[EventCountry "USA"]
[SourceTitle "CB12_2024"]
[SourceDate "2023.10.01"]
[SourceVersion "1"]
[SourceVersionDate "2023.10.01"]
[SourceQuality "1"]

1. d4 d5 2. c4 c6 3. Nf3 Nf6 4. Nc3 a6 5. e3 Bf5 6. Ne5 h6 7. Qb3 Ra7 8. cxd5 cxd5 9. Bd2 e6 10. Rc1 Nbd7 11. Nxd7 Nxd7 12. Na4 Be7 13. Be2 0-0 14. 0-0 b5 15. Nc5 Nb6 16. a4 Nxa4 17. Nxa4 bxa4 18. Qxa4 Qb8 19. b3 Rb7 20. Bxa6 Rxb3 21. Qd7 Bd6 22. h3 Rd8 23. Qa4 Ra3 24. Qc6 Bf8 25. Be2 Ra2 26. Qc3 Qb2 27. Qc7 Rda8 28. Rfd1 Bg6 29. Bf3 Qb3 30. Be1 R2a7 31. Qc6 Ra6 32. Qc7 Bd6 33. Qd7 Qb6 34. Rc8+ Rxc8 35. Qxc8+ Kh7 36. Rc1 Ra7 37. h4 Rc7 38. Rxc7 Bxc7 39. h5 Bf5 40. g4 Bd3 41. Kg2 Qd6 0-1

[Event "Titled Tuesday intern op 12th Mar Late"]
[Site "Chess.com INT"]
[Date "2024.03.12"]
[Round "4"]
[White "Mekhitarian, Krikor Sevag"]
[Black "Drygalov, Sergey"]
[Result "1-0"]
[WhiteElo "2554"]
[BlackElo "2547"]
[PlyCount "223"]
[EventDate "2024.03.12"]
[EventType "swiss (blitz)"]
[EventRounds "11"]
[EventCountry "USA"]
[SourceTitle "CB12_2024"]
[SourceDate "2023.10.01"]
[SourceVersion "1"]
[SourceVersionDate "2023.10.01"]
[SourceQuality "1"]

1. Nf3 d5 2. c4 c6 3. d4 Nf6 4. Nc3 e6 5. Qc2 dxc4 6. e4 b5 7. Be2 Nbd7 8. 0-0 Bb7 9. b3 b4 10. e5 bxc3 11. exf6 Nxf6 12. bxc4 Be7 13. Rb1 Qc8 14. Qxc3 c5 15. Be3 Be4 16. Rb5 cxd4 17. Bxd4 0-0 18. h3 a6 19. Rg5 Bg6 20. Bd3 Rd8 21. Bxg6 hxg6 22. Re1 Qc7 23. Rge5 Rac8 24. Rc1 Qb7 25. Qe3 Qb4 26. Qe2 Qa4 27. Re3 Nd5 28. Rb3 Bf6 29. Bxf6 Nxf6 30. Rbc3 Rc5 31. Ne5 Rdc8 32. Kh2 R5c7 33. Nd3 Nd5 34. R3c2 Nb4 35. Nxb4 Qxb4 36. Qd3 Rc5 37. Qb3 Qa5 38. Qd3 Qc7+ 39. Qg3 Qc6 40. Qd3 a5 41. g3 a4 42. Kg1 g5 43. Qe3 Qa6 44. Rd1 a3 45. Rdc1 Rxc4 46. Rxc4 Rxc4 47. Rxc4 Qxc4 48. Qxa3 Qd5 49. Qb3 Qc6 50. a4 Qc1+ 51. Kg2 Qc6+ 52. Kh2 Qc5 53. Kg1 Qc1+ 54. Kg2 Qc6+ 55. Kh2 Qc5 56. Qa2 Qa5 57. Kg2 Qa8+ 58. Kf1 Qa5 59. Ke2 g6 60. Kf1 Qa6+ 61. Kg1 Qa5 62. Qb3 Qe1+ 63. Kg2 Qe4+ 64. Kh2 Qd4 65. Kg2 Qe4+ 66. Kh2 Qf5 67. Qa2 Qa5 68. Qb3 Qa7 69. Kg1 Qa5 70. Qb5 Qe1+ 71. Kg2 Qe4+ 72. Kh2 Qd4 73. Kg1 Qd1+ 74. Kg2 g4 75. hxg4 Qxg4 76. a5 Qe4+ 77. Kg1 Qe1+ 78. Kg2 Qe4+ 79. Kh2 Qd4 80. Qb6 Qd5 81. a6 Qh5+ 82. Kg2 Qd5+ 83. Kg1 Qd1+ 84. Kh2 Qh5+ 85. Kg2 Qd5+ 86. f3 Qd2+ 87. Qf2 Qa5 88. a7 Kg7 89. Qe3 e5 90. Kf1 f6 91. Ke2 g5 92. Kd1 Qa2 93. g4 Qa1+ 94. Kc2 Qa2+ 95. Kd3 Qb3+ 96. Ke2 Qa2+ 97. Kf1 Qa1+ 98. Kf2 Qa2+ 99. Kg3 Qa1 100. Kf2 Qa2+ 101. Kg3 Qa1 102. Qf2 Kf7 103. Qb6 Qe1+ 104. Kg2 Qa1 105. Qb7+ Kg6 106. Qe4+ Kh6 107. a8Q Qb2+ 108. Kf1 Qc1+ 109. Qe1 Qc4+ 110. Qe2 Qc1+ 111. Kf2 Qc5+ 112. Kg2 1-0

[Event "Titled Tuesday intern op 12th Mar Late"]
[Site "Chess.com INT"]
[Date "2024.03.12"]
[Round "2"]
[White "Rozman, Levy"]
[Black "Drygalov, Sergey"]
[Result "0-1"]
[WhiteElo "2322"]
[BlackElo "2547"]
[PlyCount "120"]
[EventDate "2024.03.12"]
[EventType "swiss (blitz)"]
[EventRounds "11"]
[EventCountry "USA"]
[SourceTitle "CB12_2024"]
[SourceDate "2023.10.01"]
[SourceVersion "1"]
[SourceVersionDate "2023.10.01"]
[SourceQuality "1"]

1. e4 c5 2. Nc3 Nc6 3. Bb5 g6 4. Bxc6 dxc6 5. d3 Bg7 6. f4 Nf6 7. Nf3 0-0 8. 0-0 b6 9. Qe1 Bg4 10. Qh4 Bxf3 11. Rxf3 e6 12. Be3 h5 13. h3 Qe7 14. Raf1 Nd5 15. Qxe7 Nxe7 16. g4 hxg4 17. hxg4 f6 18. Kg2 Kf7 19. Rh3 Rh8 20. Rfh1 Rxh3 21. Rxh3 Kg8 22. Kf3 a5 23. Na4 Rb8 24. c4 Rb7 25. b3 Nc8 26. d4 cxd4 27. Bxd4 c5 28. Bc3 Rd7 29. Ke2 Kf7 30. e5 fxe5 31. fxe5 g5 32. Rf3+ Kg6 33. Rd3 Rxd3 34. Kxd3 Bf8 35. Ke4 Be7 36. Bd2 Bd8 37. Nc3 Ne7 38. Nb5 Ng8 39. a3 Nh6 40. Kf3 Nf7 41. Ke4 Nh6 42. Kf3 Nf7 43. Bc3 Be7 44. Nc7 Nd8 45. Na8 Nc6 46. Nxb6 Kf7 47. Ke4 Ke8 48. Na4 Kd7 49. Nb2 Kc7 50. Nd3 Kb6 51. a4 Nd8 52. Ne1 Nf7 53. Nf3 Nh6 54. Nh2 Nf7 55. Bd2 Nh6 56. Be3 Kc6 57. Nf3 Nxg4 58. Bxg5 Bf8 59. Bh4 Bh6 60. Bd8 Nf2# 0-1

[Event "Moscow Aeroflot op-A"]
[Site "Moscow"]
[Date "2024.03.03"]
[Round "1"]
[White "Audi, Ameya"]
[Black "Drygalov, Sergey"]
[Result "1/2-1/2"]
[WhiteElo "2378"]
[BlackElo "2547"]
[PlyCount "98"]
[EventDate "2024.03.03"]
[EventType "swiss"]
[EventRounds "9"]
[EventCountry "RUS"]
[SourceTitle "CB11_2024"]
[SourceDate "2024.03.13"]
[SourceVersion "1"]
[SourceVersionDate "2024.03.13"]
[SourceQuality "1"]

1. e4 c5 2. Nf3 d6 3. d4 cxd4 4. Nxd4 Nf6 5. Nc3 a6 6. Bd3 g6 7. f3 Qb6 8. a3 Nbd7 9. Be3 e5 10. Nf5 Qc6 11. Ng3 h5 12. Qd2 Nc5 13. b4 Nxd3+ 14. cxd3 Be6 15. Rc1 Qd7 16. d4 h4 17. Nf1 Qd8 18. Na4 b5 19. dxe5 Nxe4 20. Qc2 Rc8 21. Qxe4 Rxc1+ 22. Bxc1 bxa4 23. Ne3 h3 24. 0-0 Bg7 25. exd6 0-0 26. Rd1 Qb6 27. Kh1 Rd8 28. Qf4 hxg2+ 29. Kxg2 Qb5 30. Kf2 Rc8 31. Qe4 Qh5 32. Kg2 Bh3+ 33. Kh1 Be5 34. Nd5 Bf5 35. Qe2 Rc2 36. Bd2 Be6 37. Ne3 Rc8 38. Ng4 Bg7 39. Bf4 Qf5 40. Qe3 Bd5 41. h3 Bc6 42. Kg2 Re8 43. Qc5 Re2+ 44. Kf1 Bb5 45. Qxf5 gxf5 46. d7 Rd2+ 47. Ke1 Re2+ 48. Kf1 Rd2+ 49. Ke1 Re2+ 1/2-1/2

[Event "Titled Tuesday intern op 13th Feb Early"]
[Site "Chess.com INT"]
[Date "2024.02.13"]
[Round "1"]
[White "Drygalov, Sergey"]
[Black "Marczuk, Dominik"]
[Result "1-0"]
[WhiteElo "2547"]
[BlackElo "2283"]
[PlyCount "71"]
[EventDate "2024.02.13"]
[EventType "swiss (blitz)"]
[EventRounds "11"]
[EventCountry "USA"]
[SourceTitle "CB08_2024"]
[SourceDate "2024.02.21"]
[SourceVersion "1"]
[SourceVersionDate "2024.02.21"]
[SourceQuality "1"]

1. d4 Nf6 2. c4 g6 3. Nc3 Bg7 4. e4 d6 5. Nf3 0-0 6. Be2 e5 7. 0-0 Nc6 8. d5 Ne7 9. b4 a5 10. bxa5 Rxa5 11. a4 b6 12. Nd2 Nd7 13. Nb3 Ra8 14. a5 bxa5 15. Be3 f5 16. f3 Ba6 17. Nxa5 Nb6 18. c5 Bxe2 19. Qxe2 dxc5 20. Bxc5 Re8 21. Nc6 Nxc6 22. dxc6 Bf8 23. Bxb6 cxb6 24. Nd5 Bc5+ 25. Kh1 Qd6 26. Rxa8 Rxa8 27. c7 Rc8 28. Qa6 Rxc7 29. Nxc7 Qxc7 30. Rd1 Bd4 31. exf5 gxf5 32. Qd3 Qc8 33. f4 Qe6 34. fxe5 Bxe5 35. Re1 Qf6 36. Qd5+ 1-0

[Event "Chessable Masters Play In"]
[Site "Chess.com INT"]
[Date "2024.01.31"]
[Round "6"]
[White "Demchenko, Anton"]
[Black "Drygalov, Sergey"]
[Result "1-0"]
[WhiteElo "2609"]
[BlackElo "2547"]
[PlyCount "125"]
[EventDate "2024.01.31"]
[EventType "swiss (rapid)"]
[EventRounds "9"]
[EventCountry "USA"]
[SourceTitle "CB06_2024"]
[SourceDate "2024.02.07"]
[SourceVersion "1"]
[SourceVersionDate "2024.02.07"]
[SourceQuality "1"]

1. e4 c5 2. Nf3 d6 3. d4 cxd4 4. Qxd4 Nc6 5. Bb5 Bd7 6. Qd3 Nf6 7. Bg5 e6 8. Nc3 Be7 9. 0-0-0 Rc8 10. Bxc6 Bxc6 11. Nd4 h6 12. Bd2 Qb6 13. f3 Qa6 14. Qxa6 bxa6 15. Nxc6 Rxc6 16. Be3 0-0 17. Bxa7 Rfc8 18. Kb1 Nd7 19. Bd4 Rb8 20. Ne2 Nb6 21. Bxb6 Rcxb6 22. b3 g5 23. Rd4 h5 24. h3 Bf6 25. Rc4 Be5 26. Rd1 Kg7 27. Nc1 Kf6 28. Nd3 Bg3 29. c3 Rb5 30. Ra4 R5b6 31. Kc2 Kg6 32. Nb4 Ra8 33. Nd3 Rc8 34. Kd2 Rbc6 35. Rc1 d5 36. exd5 exd5 37. Rd4 Re6 38. Rd1 Rec6 39. Rc1 Re6 40. Rc2 Rce8 41. Kc1 Rd6 42. Rd2 a5 43. Kc2 Rc8 44. Kb2 Re8 45. a4 Bh2 46. c4 dxc4 47. Rxd6+ Bxd6 48. bxc4 Rb8+ 49. Kc3 Rb1 50. Rb2 Rxb2 51. Kxb2 Kf5 52. g4+ hxg4 53. hxg4+ Ke6 54. Kc3 Bh2 55. Kd4 Bg1+ 56. Ke4 f6 57. c5 Bh2 58. Kd4 Bg1+ 59. Kc4 Bh2 60. Kb5 Kd5 61. c6 Kd4 62. Nc5 Ke3 63. Ne4 1-0

[Event "Chessable Masters Play In"]
[Site "Chess.com INT"]
[Date "2024.01.31"]
[Round "1"]
[White "Drygalov, Sergey"]
[Black "Hovhannisyan, Robert"]
[Result "0-1"]
[WhiteElo "2547"]
[BlackElo "2611"]
[PlyCount "104"]
[EventDate "2024.01.31"]
[EventType "swiss (rapid)"]
[EventRounds "9"]
[EventCountry "USA"]
[SourceTitle "CB06_2024"]
[SourceDate "2024.02.07"]
[SourceVersion "1"]
[SourceVersionDate "2024.02.07"]
[SourceQuality "1"]

1. d4 d5 2. c4 e6 3. Nf3 Nd7 4. Nc3 Ngf6 5. Bf4 Bb4 6. cxd5 Nxd5 7. Bd2 N5f6 8. Qc2 b6 9. e4 Bb7 10. e5 Nd5 11. Bd3 c5 12. Ne4 cxd4 13. 0-0 0-0 14. Neg5 g6 15. Nxh7 Rc8 16. Qb1 Bxd2 17. Nxf8 Qxf8 18. Nxd2 Nxe5 19. Re1 Nxd3 20. Qxd3 Nf4 21. Qxd4 Nxg2 22. Ne4 Nxe1 23. Nf6+ Kh8 24. Rxe1 Qc5 25. Qf4 Kg7 26. Ng4 Qf5 27. Qd4+ Kf8 28. Qh8+ Ke7 29. Qh4+ g5 30. Qg3 Qd5 31. Qa3+ Rc5 32. f3 Qxf3 33. Qxf3 Bxf3 34. Ne3 g4 35. Kf2 Rh5 36. Nf1 e5 37. b4 Ke6 38. a4 f5 39. a5 bxa5 40. bxa5 f4 41. Rc1 e4 42. Rc6+ Kd7 43. Rf6 e3+ 44. Nxe3 fxe3+ 45. Kxe3 Kc7 46. Rf7+ Kb8 47. a6 Rxh2 48. Kd4 Rd2+ 49. Kc5 Rc2+ 50. Kd4 Rc6 51. Rb7+ Ka8 52. Rf7 Rxa6 0-1

[Event "Chessable Masters Play In"]
[Site "Chess.com INT"]
[Date "2024.01.31"]
[Round "2"]
[White "Kosteniuk, Alexandra"]
[Black "Drygalov, Sergey"]
[Result "1/2-1/2"]
[WhiteElo "2501"]
[BlackElo "2547"]
[PlyCount "160"]
[EventDate "2024.01.31"]
[EventType "swiss (rapid)"]
[EventRounds "9"]
[EventCountry "USA"]
[SourceTitle "CB06_2024"]
[SourceDate "2024.02.07"]
[SourceVersion "1"]
[SourceVersionDate "2024.02.07"]
[SourceQuality "1"]

1. e4 c5 2. d4 cxd4 3. Qxd4 Nc6 4. Qd3 Nf6 5. Nc3 g6 6. Nf3 Bg7 7. Be2 d6 8. 0-0 Bg4 9. Nd5 Nd7 10. c3 0-0 11. Bg5 Re8 12. h3 Bxf3 13. Bxf3 h6 14. Bh4 Nce5 15. Qd1 g5 16. Bg3 e6 17. Ne3 Qb6 18. Rb1 Rad8 19. Qe2 Nf6 20. Bxe5 dxe5 21. Rfd1 Bf8 22. Nc4 Qc7 23. Nd2 a6 24. Nb3 Qc6 25. Rxd8 Rxd8 26. Rd1 Rxd1+ 27. Qxd1 Be7 28. Qd3 Kg7 29. Nd2 Bc5 30. b4 Ba7 31. Nc4 Qc7 32. a4 h5 33. Kf1 Kg6 34. Bd1 Bb8 35. Bc2 Qc6 36. g3 g4 37. h4 Bc7 38. Ne3 Bb6 39. Nc4 Bc7 40. Nd2 Bb6 41. Ke2 Kg7 42. c4 a5 43. c5 Ba7 44. Qe3 Nh7 45. Qc3 axb4 46. Qxe5+ f6 47. Qxh5 Qxc5 48. Qxg4+ Kf8 49. Bb3 Qxf2+ 50. Kd1 Be3 51. Qe2 Qg1+ 52. Nf1 Ke7 53. Qc4 Nf8 54. Qxb4+ Kf7 55. Qxb7+ Kg6 56. Qb5 Bh6 57. Qd3 Kg7 58. a5 Qc5 59. a6 Qa5 60. Bc4 Qa1+ 61. Ke2 Bc1 62. Nd2 Bxd2 63. Qxd2 Ng6 64. Qd7+ Kh6 65. Qd2+ Kg7 66. Qd7+ Kh6 67. Qxe6 Qb2+ 68. Kf1 Qc1+ 69. Kg2 Qd2+ 70. Kh3 Qc1 71. Kg2 Qd2+ 72. Kg1 Qe3+ 73. Kh2 Qd2+ 74. Kh3 Qc1 75. Qxf6 Qh1+ 76. Kg4 Qxe4+ 77. Kh3 Qh1+ 78. Kg4 Qe4+ 79. Kh3 Qh1+ 80. Kg4 Qe4+ 1/2-1/2

[Event "Titled Tuesday intern op 23rd Jan Late"]
[Site "Chess.com INT"]
[Date "2024.01.23"]
[Round "4"]
[White "Tanenbaum, Zachary Chen"]
[Black "Drygalov, Sergey"]
[Result "0-1"]
[WhiteElo "2272"]
[BlackElo "2547"]
[PlyCount "128"]
[EventDate "2024.01.23"]
[EventType "swiss (blitz)"]
[EventRounds "11"]
[EventCountry "USA"]
[SourceTitle "CB05_2024"]
[SourceDate "2024.01.31"]
[SourceVersion "1"]
[SourceVersionDate "2024.01.31"]
[SourceQuality "1"]

1. e4 c5 2. c3 Nf6 3. e5 Nd5 4. Nf3 e6 5. d4 cxd4 6. cxd4 d6 7. Bc4 Nc6 8. 0-0 Be7 9. Qe2 0-0 10. Nc3 Nxc3 11. bxc3 dxe5 12. dxe5 Qa5 13. Rb1 Rd8 14. h4 Qxc3 15. h5 h6 16. Rb3 Qa5 17. Bd3 Qa4 18. Bb2 Qg4 19. Bb1 Qxh5 20. Qc2 g6 21. g3 Bd7 22. Kg2 Na5 23. Rh1 Qg4 24. Qd2 Bf8 25. Qxa5 Bc6 26. Rh4 Qg5 27. Be4 Qe7 28. Bxc6 bxc6 29. Bc1 g5 30. Rg4 Rd5 31. Qc3 Bg7 32. Qxc6 Rad8 33. Ba3 Qd7 34. Qxd7 R8xd7 35. Re4 Ra5 36. Re2 g4 37. Nh2 h5 38. Bd6 Rd5 39. Nf1 Kh7 40. Ne3 Rd4 41. Nc2 Rd5 42. Nb4 Rd1 43. Nc6 Bh6 44. Rb8 Rc1 45. Ne7 Bg5 46. Ng8 a5 47. Reb2 a4 48. Ra8 Kg6 49. Rbb8 Kf5 50. Rb6 h4 51. gxh4 Bxh4 52. Nh6+ Kg5 53. Ng8 Rc2 54. Nf6 Rxf2+ 55. Kg1 Rc2 56. Rxa4 Bf2+ 57. Kf1 Bxb6 58. Rxg4+ Kf5 59. Rb4 Rb7 60. Ne8 Ra7 61. Rxb6 Raxa2 62. Rb1 Rh2 63. Kg1 Rag2+ 64. Kf1 Rg8 0-1